000 00722nam a22002177a 4500
003 OSt
005 20251127151820.0
008 251127b |||||||| |||| 00| 0 eng d
020 _a0-631-23544-2.
040 _aDWCL-Main lib
_cOC
082 _aCirc. 302.2 In61 2005
100 _aKiesling, Scott F.
245 _aIntercultural discourse and communication :
_bthe essential readings
_cKiesling, Scott F.
260 _aUSA :
_bBlackwell Publishing,
_cc2005.
300 _axvi, 330 pages ;
_c24 cm.
504 _aIncludes bibliographical references and index.
650 _21. Identity (Psychology).
650 _22. Intercultural communication.
700 _aPaulston, Christina Bratt
942 _2ddc
_cBK-CIRC
_kCirc.
_n0
999 _c6496
_d6496